<?xml version="1.0" encoding="UTF-8"?>
<marc:record xmlns:marc="http://www.loc.gov/MARC21/slim">
   <marc:leader>00000nam a2200000 a 4500</marc:leader>
   <marc:datafield ind1="1" ind2=" " tag="100">
      <marc:subfield code="a">Huwyler, Marcel</marc:subfield>
      <marc:subfield code="4">aut</marc:subfield>
      <marc:subfield code="e">Verfasser/-in</marc:subfield>
   </marc:datafield>
   <marc:datafield ind1="0" ind2="0" tag="245">
      <marc:subfield code="a">Frau Morgenstern und der Verrat</marc:subfield>
   </marc:datafield>
   <marc:datafield ind1="0" ind2="0" tag="245">
      <marc:subfield code="b">Kriminalroman</marc:subfield>
   </marc:datafield>
   <marc:datafield ind1="0" ind2="0" tag="245">
      <marc:subfield code="c">Marcel Huwyler</marc:subfield>
   </marc:datafield>
   <marc:datafield ind1=" " ind2="1" tag="264">
      <marc:subfield code="a">Dortmund</marc:subfield>
      <marc:subfield code="b">Grafit</marc:subfield>
      <marc:subfield code="c">2020</marc:subfield>
   </marc:datafield>
   <marc:datafield ind1="1" ind2=" " tag="520">
      <marc:subfield code="a">Scharfzüngig, mitreißend und herzerfrischend bösartig. Das Recht ist nicht immer gerecht - davon ist die pensionierte Lehrerin Violetta Morgenstern überzeugt. Deshalb übt sie sich regelmäßig in Selbstjustiz und bringt auf kreative Weise Übeltäter um. Als sie erwischt wird, scheint eine Zukunft hinter Gittern gewiss. Doch dann tritt das geheime Schweizer Killer-Ministerium "Tell" mit ihr in Kontakt. Das Angebot: Morgenstern wird die Haftstrafe erlassen, wenn sie im Gegenzug Auftragsmorde ausführt. Die Rentnerin sagt begeistert zu. Als Ausbilder wird ihr der abgebrühte Ex-Söldner Miguel Schlunegger zur Seite gestellt und Morgenstern kann endlich regelmäßig ihre virtuosen Giftpflanzenkenntnisse einsetzen. Als sie einer riesigen Verschwörung auf die Spur kommt, muss sie alle Register ihres mörderischen Könnens ziehen. (Verl.txt)</marc:subfield>
   </marc:datafield>
   <marc:datafield ind1=" " ind2=" " tag="020">
      <marc:subfield code="a">9783894257569</marc:subfield>
      <marc:subfield code="9">9783894257569</marc:subfield>
   </marc:datafield>
   <marc:datafield ind1=" " ind2=" " tag="020">
      <marc:subfield code="a">3894257563</marc:subfield>
      <marc:subfield code="9">3894257563</marc:subfield>
   </marc:datafield>
   <marc:datafield ind1=" " ind2=" " tag="300">
      <marc:subfield code="a">335 S.</marc:subfield>
   </marc:datafield>
</marc:record>
